Každý bude môcť odpracovať maximálne 48 hodín týždenne
Dĺžka pracovného času odsúhlasená Medzinárodnou organizáciou práce (MOP) ešte v r. 1919 (8-hod. pracovný čas). Postupná úprava, dopĺňanie nových právnych predpisov a novelizácia Zákonníka práce. Kódex nového pracovného práva SR nadobudne účinnosť v apríli 2002. Zamestnanecké rady ako nový inštitút....
Gespeichert in:
| 1. Verfasser: | |
|---|---|
| Format: | Buchkapitel |
| Sprache: | Slowakisch |
| Schlagworte: | |
| Tags: |
Keine Tags, Fügen Sie das erste Tag hinzu!
|
MARC
| LEADER | 00000naa a2200000 4500 | ||
|---|---|---|---|
| 001 | r042437 | ||
| 005 | 20230921111520.6 | ||
| 041 | 0 | |a slo | |
| 044 | |a SK | ||
| 245 | 1 | 0 | |a Každý bude môcť odpracovať maximálne 48 hodín týždenne |c Eva Reiselová |
| 520 | |a Dĺžka pracovného času odsúhlasená Medzinárodnou organizáciou práce (MOP) ešte v r. 1919 (8-hod. pracovný čas). Postupná úprava, dopĺňanie nových právnych predpisov a novelizácia Zákonníka práce. Kódex nového pracovného práva SR nadobudne účinnosť v apríli 2002. Zamestnanecké rady ako nový inštitút. Dohoda o pracovnej činnosti len pre študentov. Ohraničený maximálny pracovný čas. | ||
| 610 | 2 | 0 | |a čas pracovný |
| 610 | 2 | 0 | |a doba pracovná |
| 610 | 2 | 0 | |a právo pracovné |
| 610 | 2 | 0 | |a zákonník práce |
| 610 | 2 | 0 | |a práca |
| 610 | 2 | 0 | |a študenti |
| 610 | 2 | 0 | |a legislatíva |
| 610 | 2 | 0 | |a Slovensko |
| 100 | 1 | |a Reiselová, Eva | |